Tài chính doanh nghiệp : Hướng dẫn trả lời lý thuyết, giải bài tập và trắc nghiệm : Dùng cho học viên cao học, nghiên cứu sinh và sinh viên các trường đại học khối Tài chính - Kinh tế - Quản trị kinh doanh /

Spremljeno u:
Bibliografski detalji
Glavni autor: Nguyễn Thị Hà, TS.
Daljnji autori: Nguyễn Đình Kiệm, PGS.TS.
Format: Sách giấy
Jezik:Vietnamese
Izdano: H. : Tài chính, 2010.
Teme:
Oznake: Dodaj oznaku
Bez oznaka, Budi prvi tko označuje ovaj zapis!
Thư viện lưu trữ: Thư viện Trường Đại học Đà Lạt
LEADER 02008nam a2200349 4500
001 DLU110118748
005 ##20110316
040 # # |a DLU  |b vie 
041 # # |a vie 
044 # # |a vn 
082 # # |a 658.150 76  |b NG-H 
100 # # |a Nguyễn Thị Hà,  |c TS. 
245 # # |a Tài chính doanh nghiệp :  |b Hướng dẫn trả lời lý thuyết, giải bài tập và trắc nghiệm : Dùng cho học viên cao học, nghiên cứu sinh và sinh viên các trường đại học khối Tài chính - Kinh tế - Quản trị kinh doanh /  |c Nguyễn Thị Hà, Nguyễn Đình Kiệm. 
260 # # |a H. :  |b Tài chính,  |c 2010. 
300 # # |a 211 tr. ;  |c 21 cm. 
504 # # |a Tài liệu tham khảo: tr. 7. 
505 # # |a Chương I. Tổng quan về tài chính doanh nghiệp -- Chương II. Chi phí, doanh thu và lợi nhuận của doanh nghiệp -- Chương VIII. Nguồn tài trợ của doanh nghiệp và nguồn tài trợ ngắn hạn nguồn tài trợ dài hạn của doanh nghiệp -- Chương X. Kế hoạch hoá tài chính -- Chương III. Vốn kinh doanh của doanh nghiệp -- Chương IV. Giá trị theo thời gian của tiền, tỷ suất sinh lời và rủi ro. 
505 # # |a Chương V. Đầu tư dài hạn của doanh nghiệp -- Chương VII. Cổ tức của công ty cổ phần -- Chương VIII. Nguồn tài trợ của doanh nghiệp và nguồn tài trợ ngắn hạn -- Chương IX. Nguồn tài trợ dài hạn của doanh nghiệp -- Chương X. Kế hoạch hoá tài chính của doanh nghiệp -- Chương XI. Vấn đề tài chính trong việc sát nhập, hợp nhất, phá sản doanh nghiệp. 
653 # # |a Quản trị doanh nghiệp 
653 # # |a Tài chính 
700 # # |a Nguyễn Đình Kiệm,  |c PGS.TS. 
923 # # |a 01/2011 
991 # # |a GT 
992 # # |a 32000 
994 # # |a DLU 
900 # # |a True 
911 # # |a Đào Thị Thu Huyền 
925 # # |a G 
926 # # |a A 
927 # # |a SH 
980 # # |a Thư viện Trường Đại học Đà Lạt